• Virey, Philippe,

di Personal Name

Records bibliografici associati: 1

001 - CONTROL NUMBER

  • control field: 55490

003 - CONTROL NUMBER IDENTIFIER

  • control field: IT-RoINE

005 - DATE AND TIME OF LATEST TRANSACTION

  • control field: 20181213102057.0

008 - FIXED-LENGTH DATA ELEMENTS

  • fixed length control field: 181213|| aca||aabn | a|a d

040 ## - CATALOGING SOURCE

  • Original cataloging agency: IT-RoINE
  • Transcribing agency: IT-RoINE

100 ## - HEADING--PERSONAL NAME

  • Personal name: Virey, Philippe,
  • Dates associated with a name: 1853-1920

670 ## - SOURCE DATA FOUND

  • Source citation: Work cat.: (IT-RoINE)0: Virey, Philippe, 1853-1920, La religion de l'ancienne Egypte /, 1910.